Państwa graniczące z Demokratyczną Republiką Konga - Statystyki

Ogólne statystyki
  • Ten quiz został rozwiązany 3 208 razy
    3 132 od ostatniego zresetowania
  • Średni wynik to 8 z 9
Odpowiedzi na mapie
Odpowiedzi zakodowano w zielono-czerwonej skali na mapie do tego quizu, zgodnie z poniższymi procentami.
 
Statystyki odpowiedzi
Państwo % Poprawnych
Kongo
92%
Angola
90%
Zambia
87%
Tanzania
86%
Uganda
86%
Republika Środkowoafrykańska
85%
Rwanda
85%
Sudan Południowy
84%
Burundi
76%
Nie znaleziono quizów pasujących do podanych kryteriów
Rozkład punktacji
Procent ludzi z każdym wynikiem
Percentyl według liczby udzielonych odpowiedzi
Twoja historia wyników
Nie rozwiązałeś tego quizu od ostatniego zresetowania